000
00308nam a2200121Ia 4500
008
220204s9999 xx 000 0 und d
082
_a
347
_b
CHA.2;1
100
_a
Lakhi Singh Chaudri
245
0
_a
Civil service regulations. V 2
250
_a
Ed.4
260
_a
Hoshiarpur
_b
S Lakhi Singh
_c
1961
942
_c
BK
999
_c
20788
_d
20788